Statistics for Super Smash Bros. Ultimate - PGRU v3 EU

Click here to take the quiz!

General Stats

  • This quiz has been taken 27 times
    (8 since last reset)
  • The average score is 28 of 55

Answer Stats

RankCharacterCountryAnswer% Correct
14Ken, RyuSpainAndresFn
100%
3BayonettaUKBloom4Eva
100%
1WarioFranceGlutonny
100%
5LucinaFranceLeon
100%
18LuigiCanadaLuugi
100%
15LucinaUSAMr. E
100%
7Sheik, ChromNetherlandsMr.R
100%
10SamusGermanyquiK
100%
4PalutenaFranceRaflow
100%
2Dark SamusSpainsisqui
100%
6Greninja, KazuyaGermanyTarik
100%
12RoyFranceFlow
75%
30IsabelleSwitzerlandJaka
75%
28ChromFinlandLancelot
75%
20RidleyFranceMezcaul
75%
22PichuFranceNaetorU
75%
13LucasFranceNitox
75%
8WolfFranceOryon
75%
11InklingNetherlandsSpace
75%
9Young LinkNetherlandsSupahsemmie
75%
29SteveUKMazeBeans
50%
36Pac-ManFranceMoDzai
50%
23Captain FalconFranceOgey
50%
17Sonic, King DededeUKPeli
50%
25NessFrancePeW
50%
45Wolf, FoxFranceRyuKai
50%
26MegamanFranceTriM
50%
37Cloud, JokerNetherlandsAzrael
25%
43SnakeNetherlandsBeJay !
25%
51YoshiFranceBluesky
25%
38CloudUKCurryGovernor
25%
48TerryUKDarkStalker
25%
21BowserGermanyDarkThunder
25%
35TerrySwitzerlandDestany
25%
16JokerSaudi ArabiaeMass
25%
47Steve, Min MinGermanyEnte
25%
50Bowser, SteveFranceGogesta
25%
24RosalinaFranceHomika
25%
27GreninjaNetherlandsiStudying
25%
44MegamanNetherlandsLoading...
25%
51R.O.B.GermanyLongo
25%
33LuigiFranceMomon
25%
32PikachuFranceNeeroz
25%
46Richter, SephirothFranceNoxumbra
25%
19Banjo & KazooieUKOwlBBs
25%
51TerryNetherlandsPatrino
25%
42ShulkNetherlandsRamses
25%
51Min MinGermanyRinor
25%
31Wario, Diddy KongUKSBF
25%
41InklingUKShaneak
25%
51R.O.B.AustriaSintro
25%
40FoxUKStreakz
25%
49SonicBelgiumSuperStriker
25%
34SteveSpainTropped
25%
39R.O.B.SpainVidad
25%

Score Distribution

Percentile by Number Answered

Percent of People with Each Score

Your Score History

You have not taken this quiz since the last reset